书目信息 |
| 题名: |
中国后妃全传
|
|
| 作者: | 张宏伟 编著 | |
| 分册: | ||
| 出版信息: | 北京 中国华侨出版社 2013 |
|
| 页数: | 440页 | |
| 开本: | 28cm | |
| 丛书名: | ||
| 单 册: | ||
| 中图分类: | K828.5=2 | |
| 科图分类: | ||
| 主题词: | 后妃--列传--中国--古代 | |
| 电子资源: | ||
| ISBN: | 978-7-5113-3273-8 | |
| 000 | 00967nam0 2200229 450 | |
| 001 | 339826 | |
| 005 | 20150608160155.62 | |
| 010 | @a978-7-5113-3273-8@dCNY59.80 | |
| 100 | @a20130520d2013 em y0chiy50 ea | |
| 101 | 0 | @achi |
| 102 | @aCN@b110000 | |
| 105 | @aa z 000yc | |
| 106 | @ar | |
| 200 | 1 | @a中国后妃全传@Azhong guo hou fei quan zhuan@f张宏伟编著 |
| 210 | @a北京@c中国华侨出版社@d2013 | |
| 215 | @a440页@c图@d28cm | |
| 330 | @a本书按朝代先后顺序编排, 对一些著名的、历史上有重大影响的皇后, 如汉高祖皇后吕雉、隋文帝皇后独孤氏、唐太宗皇后长孙氏等记叙较为详尽;对于那些虽不是皇后, 但却较皇后更著名的妃嫔, 如唐玄宗贵妃杨玉环、清太宗庄妃布木布泰等记叙也较详尽;对于那些事迹了了、乏善可陈的皇后, 则以简笔勾勒。书中为每位后妃都建立了档案, 介绍她们的生卒年、籍贯、配偶、封号和谥号等。 | |
| 606 | 0 | @a后妃@x列传@y中国@z古代 |
| 690 | @aK828.5=2@v5 | |
| 701 | 0 | @a张宏伟@Azhang hong wei@4编著 |
| 801 | 0 | @aCN@b卓展宏图@c20150525 |
| 905 | @dK828.5=2@e52@f5 | |
| 中国后妃全传/张宏伟编著.-北京:中国华侨出版社,2013 |
| 440页:图;28cm |
| ISBN 978-7-5113-3273-8:CNY59.80 |
| 本书按朝代先后顺序编排, 对一些著名的、历史上有重大影响的皇后, 如汉高祖皇后吕雉、隋文帝皇后独孤氏、唐太宗皇后长孙氏等记叙较为详尽;对于那些虽不是皇后, 但却较皇后更著名的妃嫔, 如唐玄宗贵妃杨玉环、清太宗庄妃布木布泰等记叙也较详尽;对于那些事迹了了、乏善可陈的皇后, 则以简笔勾勒。书中为每位后妃都建立了档案, 介绍她们的生卒年、籍贯、配偶、封号和谥号等。 |
| ● |
| 相关链接 |
|
|
|
|
正题名:中国后妃全传
索取号:K828.5=2/52
 
预约/预借
| 序号 | 登录号 | 条形码 | 馆藏地/架位号 | 状态 | 备注 |
| 1 | 864187 | 208641870 | 第二样本阅览室/ [索取号:K828.5=2/52] | 在馆 | |
| 2 | 864188 | 208641889 | 第二借阅区/ [索取号:K828.5=2/52] | 在馆 | |
| 3 | 864189 | 208641898 | 第二借阅区/ [索取号:K828.5=2/52] | 在馆 | |
| 4 | 864190 | 208641905 | 第二借阅区/ [索取号:K828.5=2/52] | 在馆 | |
| 5 | 864191 | 208641914 | 第二借阅区/ [索取号:K828.5=2/52] | 在馆 |